| 000 | 00665cam a22002293a 4500 | ||
|---|---|---|---|
| 001 | 39404 | ||
| 003 | PGUSA | ||
| 005 | 20140828083857.0 | ||
| 008 | 120409s2012||||xxu|||||s|||||000 | eng d | ||
| 040 |
_aPGUSA _beng |
||
| 042 | _adc | ||
| 050 | 4 | _aQL | |
| 100 | 1 |
_aBrehm, Alfred Edmund, _d1829-1884 |
|
| 245 | 1 | 0 |
_aHet Leven der Dieren : _bDeel 2, Hoofdstuk 10: De Stootvogels _h[electronic resource] / _cAlfred Edmund Brehm |
| 260 |
_bProject Gutenberg, _c2012 |
||
| 506 | _aPublic domain in the USA. | ||
| 516 | _aElectronic text | ||
| 653 | _aAnimals | ||
| 830 | 0 |
_aProject Gutenberg _v39404 |
|
| 856 | 4 | 0 | _uhttp://www.gutenberg.org/ebooks/39404 |
| 942 | _cEB | ||
| 999 |
_c268657 _d268657 |
||